000 00813nam a2200277 a 4500
001 22554
003 SK-KTurca
005 20260401095219.0
008 180730s2009 xo 000 f slo c
020 _a9788071361992
_q(viaz.)
040 _aTVZK
_bslo
_cTVZK
_eAACR2
041 1 _aslo
_heng
044 _axo
_cSK
072 7 _a821.111(73)-3
_xAmerická próza
_2konspekt
080 _a821.111(73)-3
_22001
100 1 _aJacobs, Kate
245 1 0 _aLáska ide cez žalúdok
_cKate Jacobsová ; preložila Alica Činčárová
250 _a1. vyd.
260 _aBratislava
_bColumbus
_c2009
300 _a336 s.
_c20 cm
650 _aamerická literatúra
_2SNKPH
655 _aromány o ženách
_2SNKPH
655 _aamerické romány
_2SNKPH
700 1 _aČinčárová, Alica
_4trl
942 _2ddc
_cKLDO
_n0
999 _c22554
_d22554